| 000 | 00485nam a2200181Ia 4500 | ||
|---|---|---|---|
| 005 | 20250508160920.0 | ||
| 008 | 008 250505s9999 xx 000 0 eng d | ||
| 037 | _aTextual | ||
| 040 |
_aFEDL _beng _cFEDL |
||
| 041 |
_aeng _2eng |
||
| 084 |
_a370.1, MEH _qFEDL |
||
| 100 |
_aMonzel Emil W. _9769737 |
||
| 245 | 0 | _aNew objectives for Indian education | |
| 300 | _a230p. | ||
| 650 | _aEducation-Philosophy | ||
| 942 |
_cTEXL _h370.1, MEH |
||
| 999 |
_c1367369 _d1367369 |
||